Janusz Korczak emlékév Lengyelországban

Elmentve itt :
Bibliográfiai részletek
Szerző: Zibolen Endre
Dokumentumtípus: Cikk
Megjelent: 1980
Sorozat:Magyar pedagógia : a Magyar Tudományos Akadémia Pedagógiai Bizottságának folyóirata 80 No. 1
Kulcsszavak:Korczak, Janusz, Neveléstörténet lengyel 19-20. sz., Neveléstörténet, Korczak, Janusz
Online Access:http://misc.bibl.u-szeged.hu/13049
LEADER 00734nab a2200181 i 4500
001 misc13049
005 20191106141512.0
008 170607s1980 hu o 0|| hun d
022 |a 0025-0260 
040 |a SZTE Miscellanea Repozitórium  |b hun 
041 |a hun 
100 1 |a Zibolen Endre 
245 1 0 |a Janusz Korczak emlékév Lengyelországban  |h [elektronikus dokumentum] /  |c  Zibolen Endre 
260 |c 1980 
300 |a 80-82 
490 0 |a Magyar pedagógia : a Magyar Tudományos Akadémia Pedagógiai Bizottságának folyóirata  |v 80 No. 1 
695 |a Korczak, Janusz, Neveléstörténet lengyel 19-20. sz., Neveléstörténet, Korczak, Janusz 
856 4 0 |u http://misc.bibl.u-szeged.hu/13049/1/mp_1980_001_5468_080-082.pdf  |z Dokumentum-elérés